| 000 | 00397 a2200133 4500 | ||
|---|---|---|---|
| 005 | 20250612103008.0 | ||
| 020 | _a9870465079728 | ||
| 082 | _a370.194 DAV | ||
| 100 | _aDAVIDSON, C. N. | ||
| 245 | _aThe New Education: How to Revolutionize the University to Prepare Students for a World in Flux. | ||
| 260 |
_aNew York, _bBasic Books, _c2022. |
||
| 300 |
_axx, 326p.: _bIndex _c22cm |
||
| 942 |
_2ddc _cBKS |
||
| 999 |
_c3836 _d3836 |
||